<?xml version="1.0" encoding="UTF-8"?>
<record
    xmlns:xsi="http://www.w3.org/2001/XMLSchema-instance"
    xsi:schemaLocation="http://www.loc.gov/MARC21/slim http://www.loc.gov/standards/marcxml/schema/MARC21slim.xsd"
    xmlns="http://www.loc.gov/MARC21/slim">

  <leader>01115nam a2200229 a 4500</leader>
  <controlfield tag="001">000029768</controlfield>
  <controlfield tag="003">DO-SdBNP</controlfield>
  <controlfield tag="005">20180305143459.0</controlfield>
  <controlfield tag="008">110425s1995    dr            000 0 spa d</controlfield>
  <datafield tag="040" ind1=" " ind2=" ">
    <subfield code="a">BNPHU</subfield>
    <subfield code="b">spa</subfield>
    <subfield code="c">BNPHU</subfield>
  </datafield>
  <datafield tag="049" ind1=" " ind2=" ">
    <subfield code="a">BPMSU</subfield>
  </datafield>
  <datafield tag="092" ind1=" " ind2=" ">
    <subfield code="a">xxxx</subfield>
    <subfield code="b">M692</subfield>
  </datafield>
  <datafield tag="100" ind1="1" ind2=" ">
    <subfield code="a">Vicioso, Chiqui</subfield>
    <subfield code="q">Luisa Sheresada Vicioso</subfield>
  </datafield>
  <datafield tag="245" ind1="1" ind2="0">
    <subfield code="a">M&#xF3;dulo de capacitaci&#xF3;n en g&#xE9;nero /</subfield>
    <subfield code="c">Luisa Sheresada Vicioso.</subfield>
  </datafield>
  <datafield tag="260" ind1=" " ind2=" ">
    <subfield code="a">Santo Domingo :</subfield>
    <subfield code="b">Publicaci&#xF3;n CIFD :</subfield>
    <subfield code="b">UNICEF,</subfield>
    <subfield code="c">1995.</subfield>
  </datafield>
  <datafield tag="300" ind1=" " ind2=" ">
    <subfield code="a">v. ;</subfield>
    <subfield code="c">26 cm.</subfield>
  </datafield>
  <datafield tag="500" ind1=" " ind2=" ">
    <subfield code="a">La biblioteca posee el v. 3</subfield>
  </datafield>
  <datafield tag="505" ind1="0" ind2=" ">
    <subfield code="g">M&#xF3;dulo 1</subfield>
    <subfield code="t">De "mujer y desarrollo" "a mujer y g&#xE9;nero" --- </subfield>
    <subfield code="r">Dani&#xE8;le Brady --</subfield>
    <subfield code="g">M&#xF3;dulo 2</subfield>
    <subfield code="t">"La discriminaci&#xF3;n sexual como construcci&#xF3;n social" --</subfield>
    <subfield code="r">Eveline Pressoir --</subfield>
    <subfield code="g">M&#xF3;dulo 3</subfield>
    <subfield code="t">Trabajar no para las mujeres si no con ellas --</subfield>
    <subfield code="r">Luisa Sherezada Vicioso Chiqui (Chiqui) --</subfield>
    <subfield code="g">M&#xF3;dulo 4</subfield>
    <subfield code="t">"la mujeres en contra de ellas mismas" --</subfield>
    <subfield code="r">Eveline Pressoir --</subfield>
    <subfield code="g">M&#xF3;dulo v. 5</subfield>
    <subfield code="t">En busca de oportunidades iguales --</subfield>
    <subfield code="r">Luisa Sherezada Vicioso Chiqui (Chiqui) --</subfield>
  </datafield>
  <datafield tag="942" ind1=" " ind2=" ">
    <subfield code="2">ddc</subfield>
    <subfield code="c">BK</subfield>
  </datafield>
  <datafield tag="945" ind1=" " ind2=" ">
    <subfield code="a">Inventariado, 2018 /LP</subfield>
  </datafield>
  <datafield tag="952" ind1=" " ind2=" ">
    <subfield code="0">0</subfield>
    <subfield code="1">0</subfield>
    <subfield code="2">ddc</subfield>
    <subfield code="4">0</subfield>
    <subfield code="7">0</subfield>
    <subfield code="8">CD</subfield>
    <subfield code="a">BPMET</subfield>
    <subfield code="b">BPMET</subfield>
    <subfield code="d">2017-02-14</subfield>
    <subfield code="e">Donado por Chiqui Vicioso </subfield>
    <subfield code="l">0</subfield>
    <subfield code="p">BPMSU17020029</subfield>
    <subfield code="r">2017-02-14</subfield>
    <subfield code="t">v. 3 </subfield>
    <subfield code="w">2017-02-14</subfield>
    <subfield code="y">BK</subfield>
  </datafield>
  <datafield tag="952" ind1=" " ind2=" ">
    <subfield code="0">0</subfield>
    <subfield code="1">0</subfield>
    <subfield code="2">ddc</subfield>
    <subfield code="4">0</subfield>
    <subfield code="7">0</subfield>
    <subfield code="8">CD</subfield>
    <subfield code="a">BPMET</subfield>
    <subfield code="b">BPMET</subfield>
    <subfield code="d">2017-02-14</subfield>
    <subfield code="e">Donado por Chiqui Vicioso</subfield>
    <subfield code="l">0</subfield>
    <subfield code="p">BPMSU17020030</subfield>
    <subfield code="r">2017-02-14</subfield>
    <subfield code="t">v. 3, e 2</subfield>
    <subfield code="w">2017-02-14</subfield>
    <subfield code="y">BK</subfield>
  </datafield>
  <datafield tag="956" ind1=" " ind2=" ">
    <subfield code="a">VMATEO</subfield>
    <subfield code="b">10</subfield>
    <subfield code="c">20170214</subfield>
    <subfield code="l">0069</subfield>
    <subfield code="h">BPMSU</subfield>
  </datafield>
  <datafield tag="999" ind1=" " ind2=" ">
    <subfield code="c">12549</subfield>
    <subfield code="d">12549</subfield>
  </datafield>
</record>
